| 000 | 00589nam a2200229Ia 4500 | ||
|---|---|---|---|
| 003 | OSt | ||
| 005 | 20220924153248.0 | ||
| 006 | a|||||r|||| 00| 0 | ||
| 007 | ta | ||
| 008 | 220923b |||||||| |||| 00| 0 guj d | ||
| 024 | _a347443 | ||
| 037 | _cTextual | ||
| 040 |
_aARTS _cARTS _bguj |
||
| 041 |
_2guj _aguj |
||
| 082 | _aV2:51xM69:g(X:3M), 156J1 | ||
| 100 |
_aMashrurwala _9228401 |
||
| 245 | 0 | _aGandhiji ane samyvad | |
| 260 | _c1951 | ||
| 650 | _aHISTORY | ||
| 942 |
_hV2:51xM69:g(X:3M), 156J1 _cTEXL _2CC |
||
| 999 |
_c472925 _d472925 |
||